00269nam a2200097Ia 4500008004100000041000800041100002400049245004800073260003100121999001900152230508s2002 xx 000 0 und d aeng aTODD,ALLEN & ALTING aFUNDAMENTAL PRINCIPLES OF MANUFACTAING PRO. bINDUSTRIAL PRESS INCc2002 c737308d737308